000 00466nam a2200157 4500
001 107281
003 ES-MaACL
005 20230906184359.0
007 t|
008 061121s1973 sp r ||||1| spa d
100 1 _aMorán González, Brindis.
_983117
245 1 0 _aRomances del Bierzo y La Cabrera /
_cBrindis Morán González.
260 _a[Ponferrada] :
_b[s.n.],
_c[1973] (
_fImp. Alonso)
300 _a65 p. ;
_c22 cm.
852 _aES-MaACL
_jC-52362
_bR.85777
999 _c107281
_d107281